MARC details
| 000 -CABECERA |
| campo de control de longitud fija |
01325nam a22003137a 4500 |
| 003 - IDENTIFICADOR DEL NÚMERO DE CONTROL |
| campo de control |
OSt |
| 005 - FECHA Y HORA DE LA ÚLTIMA TRANSACCIÓN |
| campo de control |
20210526160001.0 |
| 008 - DATOS DE LONGITUD FIJA--INFORMACIÓN GENERAL |
| campo de control de longitud fija |
210302b 2020 dr ac 00| 0 eng d |
| 020 ## - NÚMERO INTERNACIONAL ESTÁNDAR DEL LIBRO |
| Número Internacional Estándar del Libro |
9789945914047 |
| 040 ## - FUENTE DE LA CATALOGACIÓN |
| Centro catalogador/agencia de origen |
DO-SdBNP |
| Lengua de catalogación |
spa |
| Centro/agencia transcriptor |
BNPHU |
| 082 74 - NÚMERO DE LA CLASIFICACIÓN DECIMAL DEWEY |
| Número de clasificación |
306.4 |
| Número de documento/Ítem |
G216b |
| Número de edición |
22 |
| 100 1# - ENTRADA PRINCIPAL--NOMBRE DE PERSONA |
| Nombre de persona |
García Peña, Lorgia |
| 9 (RLIN) |
77988 |
| 245 10 - MENCIÓN DE TÍTULO |
| Título |
Bordes de la dominicanidad / |
| Mención de responsabilidad, etc. |
Lorgia García Peña ; traducción: Ramón Antonio Victoriano Martínez ; prólogo: Pablo Mella y Quisqueya Lora. |
| 260 ## - PUBLICACIÓN, DISTRIBUCIÓN, ETC. |
| Lugar de publicación, distribución, etc. |
Santo Domingo : |
| Nombre del editor, distribuidor, etc. |
Instituto de Estudios Superiores en Humanidades, |
| -- |
Ediciones MSC, |
| Fecha de publicación, distribución, etc. |
2020. |
| 300 ## - DESCRIPCIÓN FÍSICA |
| Extensión |
355 p. : |
| Otras características físicas |
il., retrs. ; |
| Dimensiones |
23 cm. |
| 490 ## - MENCIÓN DE SERIE |
| Mención de serie |
Diáspora dominicana: |
| Designación de volumen o secuencia |
2 |
| 500 ## - NOTA GENERAL |
| Nota general |
Incluye datos biográficos de la autora en la solapa de la cubierta |
| 500 ## - NOTA GENERAL |
| Nota general |
Incluye referencias bibliográficas y notas al pie de las páginas |
| 504 ## - NOTA DE BIBLIOGRAFÍA, ETC. |
| Nota de bibliografía, etc. |
Bibliografía : p. 337-355 |
| 590 ## - NOTA LOCAL (RLIN) |
| Nota local |
Inventariado, 2021 /LP<br/> |
| 650 #4 - PUNTO DE ACCESO ADICIONAL DE MATERIA--TÉRMINO DE MATERIA |
| Término de materia o nombre geográfico como elemento de entrada |
Cultura |
| Subdivisión geográfica |
República Dominicana |
| 9 (RLIN) |
1983 |
| 650 #4 - PUNTO DE ACCESO ADICIONAL DE MATERIA--TÉRMINO DE MATERIA |
| Término de materia o nombre geográfico como elemento de entrada |
Identidad cultural |
| Subdivisión geográfica |
República Dominicana |
| 9 (RLIN) |
1946 |
| 700 1# - PUNTO DE ACCESO ADICIONAL--NOMBRE DE PERSONA |
| Nombre de persona |
Victoriano Martínez, Ramón Antonio, |
| Término indicativo de función/relación |
traducción |
| 9 (RLIN) |
77991 |
| 700 1# - PUNTO DE ACCESO ADICIONAL--NOMBRE DE PERSONA |
| Nombre de persona |
Quisqueya, Lora, |
| Término indicativo de función/relación |
prólogo |
| 9 (RLIN) |
77989 |
| 700 1# - PUNTO DE ACCESO ADICIONAL--NOMBRE DE PERSONA |
| Nombre de persona |
Mella, Pablo, |
| Término indicativo de función/relación |
prólogo |
| 9 (RLIN) |
54066 |
| 830 ## - PUNTO DE ACCESO ADICIONAL DE SERIE-TÍTULO UNIFORME |
| Título uniforme |
Diáspora dominicana: |
| Número de parte o sección de la obra |
2 |
| 9 (RLIN) |
77990 |
| 910 ## - DATOS DE OPCIÓN DEL USUARIO (OCLC) |
| Datos de opción del usuario |
LoPérezValidado. Control de calidad. MAA |
| 942 ## - ELEMENTOS DE PUNTO DE ACCESO ADICIONAL (KOHA) |
| Fuente del sistema de clasificación o colocación |
Dewey Decimal Classification |
| Tipo de ítem Koha |
Libro |